Personnalités inhumées au cimetière du Montparnasse - Statistiques

Statistiques générales
  • Ce quiz a été pris 44 fois
  • Le résultat moyen est 9 sur 24
Statistiques - réponses
Par images Réponse % Correct
Jacques Chirac
98%
Serge Gainsbourg
90%
Alfred Dreyfus
70%
Jean-Paul Sartre
58%
Charles Baudelaire
55%
Jane Birkin
55%
Simone de Beauvoir
55%
Agnès Varda
48%
Christophe
48%
Guy de Maupassant
38%
Yves Mourousi
33%
Juliette Gréco
30%
Serge Reggiani
30%
Marguerite Duras
28%
Michèle Morgan
28%
Hélène Carrère d'Encausse
23%
Paul Deschanel
23%
Henri Poincaré
20%
Gérard Oury
18%
Jacques Demy
18%
Samuel Beckett
18%
André Citroën
10%
Eugène Ionesco
10%
Frédéric Auguste Bartholdi
3%
Aucun quiz correspondant
Distribution des résultats
% des personnes avec chaque résultat
Percentile par nombre de réponses
Votre historique - résultats
Vous n’avez pas pris ce quiz